| 000 | 01292cam a2200277 4500 | ||
|---|---|---|---|
| 001 | ABS64265 | ||
| 008 | 010723n2001 000 0 eng u | ||
| 035 | _a(Sirsi) u113720 | ||
| 100 | _aSmy, C. | ||
| 245 | _aContaminated land remediation - managing risk through insurance | ||
| 260 | _c2001 | ||
| 490 |
_aLand Contamination & Reclamation _v9(2) 2001, 242-246(5) |
||
| 520 | _aConsiders how the remediation of contaminated land, whilst a potentially lucrative market, can expose consultants, contractors and landowners to a variety of financial and statutory risks. Traditionally developers and landowners have relied on provisions such as collateral warranties or latent defects policies which have not always been comprehensive. Looks at the introduction of a variety of flexible policies, such as 'Contractors pollution liability policies' (CPL) which specifically providealternative risk management solutions. | ||
| 590 | _aABS | ||
| 650 | _aCONTAMINATED LAND | ||
| 650 | _aREMEDIATION | ||
| 650 | _aENVIRONMENTAL INSURANCE | ||
| 650 | _aFINANCIAL RISK | ||
| 650 | _aSTATUTORY RISK | ||
| 650 | _aRISK TRANSFER | ||
| 650 | _aCONTRACTORS LIABILITY | ||
| 650 | _aCONSULTANTS LIABILITIES | ||
| 690 | _aENVIRONMENT-CONTAMINATION | ||
| 700 | _aDavies, R.D. | ||
| 942 | _n0 | ||
| 999 |
_c67754 _d67754 |
||